Les 11 Réservistes de la coupe du monde 2018 - Statistiques

Statistiques générales
  • Ce quiz a été pris 111 fois
  • Le résultat moyen est 8 sur 11
Statistiques - réponses
Poste Joueur % Correct
Attaquant ( Manchester United ) Anthony Martial
90%
Attaquant ( Arsenal ) Alexandre Lacazette
86%
Gardien ( Bordeaux ) Benoît Costil
83%
Attaquant ( Séville ) Wissam Ben Yedder
83%
Milieu ( PSG ) Adrien Rabiot
82%
Milieu ( Tottenham ) Moussa Sissoko
73%
Défenseur ( FC Barcelone ) Lucas Digne
64%
Milieu ( Bayern de Munich ) Kingsley Coman
58%
Défenseur ( Crystal Palace ) Mamadou Sakho
56%
Défenseur (Stocke City ) Kurt Zouma
50%
Défenseur ( Saint-Etienne ) Mathieu Debuchy
45%
Aucun quiz correspondant
Distribution des résultats
% des personnes avec chaque résultat
Percentile par nombre de réponses
Votre historique - résultats
Vous n’avez pas pris ce quiz